| 000 | 00342nam a22001457a 4500 | ||
|---|---|---|---|
| 003 | SGT | ||
| 020 | _a978-81-265-3369-5 | ||
| 082 |
_a621.38212 _bKAR |
||
| 100 | _aKARL,HOLGER | ||
| 245 | _aPROTOCOLS AND ARCHITECTURES FOR WIRELESS SENSOR NETWORKS. | ||
| 260 |
_aNEW DELHI _bWILEY _c2015 |
||
| 300 | _a497 | ||
| 650 | _aCSE | ||
| 942 |
_2ddc _cBK |
||
| 999 |
_c14602 _d14602 |
||